000 00359pab a2200157 454500
008 180718b2003 xxu||||| |||| 00| 0 eng d
100 _aAvanish Kumar
245 _aHIV/AIDS: challenge for human rights
260 _c2003
300 _ap.33-39.
362 _aDec
650 _aHuman rights
650 _aAIDS
773 _aSocial Welfare
909 _a58937
999 _c58937
_d58937